000 007020000a22002410004500
003 LK-CoMWRAF
005 20231027123602.0
008 230817t1997 ||||| |||| 00| 0 eng d
020 _a0385317980
040 _aLK-CoMWRAF
_dLK-CoMWRAF
_eLK-CoMWRAF
041 _aeng
082 _a305.4
_bMAC
100 _aMckenna, Elizabeth Perle
245 _aWhen Work Doesn't Work Anymore:
_bWomen, Work, and Identity
260 _aNew York:
_bDelta,
_c1997
300 _a286 p. ; 24 cm.
_bIndex included
650 _aWOMEN-Psychology
650 _a Women -Employment
650 _aSelf-perception in women
650 _aWomen-United States- Identity
650 _aWomen-Job satisfaction
942 _cBK
999 _c1438
_d1438